Correspondance échangée entre Goethe et Carlyle / (Record no. 72768)

MARC details
000 -LEADER
campo de control de longitud fija 00893nam a2200253 i 4500
001 - NÚMERO DE CONTROL
campo de control 72768
003 - IDENTIFICADOR DE NÚMERO DE CONTROL
campo de control ES-MaACL
005 - FECHA Y HORA DE LA ÚLTIMA TRANSACCIÓN
campo de control 20250117133106.0
007 - CAMPO FIJO DE DESCRIPCIÓN FÍSICA--INFORMACIÓN GENERAL
campo de control de longitud fija t|
008 - DATOS DE LONGITUD FIJA--INFORMACIÓN GENERAL
campo de control de longitud fija 040902s1921 fr ||||1| fre d
100 1# - ENTRADA PRINCIPAL--NOMBRE DE PERSONA
Nombre de persona Goethe, Johann Wolfgang von,
Fechas asociadas al nombre 1749-1832
9 (RLIN) 57568
245 10 - MENCIÓN DEL TÍTULO
Título Correspondance échangée entre Goethe et Carlyle /
Mención de responsabilidad, etc. publieé par Charles Eliot Norton ; traduction de Georges Khnosoff.
260 ## - PUBLICACIÓN, DISTRIBUCIÓN, ETC.
Lugar de publicación, distribución, etc. París :
Nombre del editor, distribuidor, etc. Librairie Française,
Fecha de publicación, distribución, etc. 1921.
300 ## - DESCRIPCIÓN FÍSICA
Extensión 186 p., 4 lám. ;
Dimensiones 24 cm.
600 17 - PUNTO DE ACCESO ADICIONAL DE MATERIA--NOMBRE DE PERSONA
Nombre de persona Goethe, Johann Wolfgang von,
Fechas asociadas al nombre 1749-1832-
Subdivisión de forma Correspondencia
9 (RLIN) 144103
600 04 - PUNTO DE ACCESO ADICIONAL DE MATERIA--NOMBRE DE PERSONA
Nombre de persona Carlyle, Thomas,
Fechas asociadas al nombre 1795-1881
9 (RLIN) 35316
655 #0 - TERMINO DE INDIZACIÓN--GENERO/FORMA
9 (RLIN) 235124
Datos o término principal de género/forma Cartas
700 0# - ENTRADA AGREGADA--NOMBRE PERSONAL
Nombre de persona Carlyle, Thomas,
Fechas asociadas al nombre 1795-1881
9 (RLIN) 35316
700 1# - ENTRADA AGREGADA--NOMBRE PERSONAL
Nombre de persona Norton, Charles Eliot.
9 (RLIN) 86009
700 1# - ENTRADA AGREGADA--NOMBRE PERSONAL
Nombre de persona Khnopff, Georges.
9 (RLIN) 67993
852 ## - LOCALIZACIÓN
Ubicación ES-MaACL
Número de control de estantería G-3064
942 ## - ELEMENTOS DE ENTRADA SECUNDARIOS (KOHA)
Fuente del sistema de clasificación o colocación Clasificación decimal universal
Holdings
Estatus retirado Estado de pérdida Estado de daño No para préstamo Biblioteca de origen Biblioteca actual Ubicación en estantería Fecha de adquisición Fuente de adquisición Total de préstamos Signatura topográfica completa Código de barras Visto por última vez Precio de reemplazo Tipo de ítem Koha
        Biblioteca del Ateneo de Madrid Biblioteca del Ateneo de Madrid Depósito 2 17/01/2008     G-3064 1076175 23/02/2023 23/02/2023 Libro impreso